01477nam a22003857a 4500003000500000005001700005008004100022010001000063011001000073035001000083040000900093090001000102100004300112245009900155260003900254300001000293502009500303590003700398590004100435590004100476590004100517590004100558590004100599590004200640650004000682650004300722650004000765650004100805650004000846901000700886942001000893949004300903999001700946952012800963CHAP20220329135851.0971013s1984 r 00010 d a43549 a44521 a48659 cCHAP aTesis00aFuentes Cabello, José de las.943834 aSuplementación de hierro y zinc a raciones con altos niveles de cobre para cerdos en acabado aMonterrey, N.L. :bEl autor,c1984 a50 h. aTesis (Ing. Agr. Esp. en Zootecnia) -- ITESM. Div. de Ciencias Agropecuarias y Marítimas aALEPHb10c20130110lUCH01h1312 aBATCH-UPDb10c20130110lUCH01h0014 aBATCH-UPDb10c20130110lUCH01h1502 aBATCH-UPDb10c20130409lUCH01h1951 aBATCH-UPDb10c20130410lUCH01h0923 aBATCH-UPDb10c20130914lUCH01h0954 aCONVERSIONb10c20130109lUCH01h132414aCobre en nutrición animal.92419114aGanado porcinoxAlimentación.94532914aGanado porcinoxCrecimiento.94534914aHierro en nutrición animal.95530214aZinc en nutrición animal.9124068 aBK cTESIS bBCcTESd-110065eTS1h17689i48659si c43549d43549 00102local4051708TESISaBCbBCcPA_TESISd2019-12-31fTESISl0oTesisp-110065r2019-12-31 00:00:00w2019-12-31yTESIS